Names of Countries in Chinese 1 - Statistics

General Stats
  • This quiz has been taken 8 times
  • The average score is 8 of 15
Answer Stats
Hint Answer % Correct
芬兰(fēn lán) Finland
83%
意大利(yì dà lì) Italy
83%
肯尼亚(kěn ní yà) Kenya
83%
澳大利亚(ào dà lì yà) Australia
67%
印度尼西亚(yìn dù ní xī yà) Indonesia
67%
阿曼(ā màn) Oman
67%
越南(yuè nán) Vietnam
67%
古巴(gǔ bā) Cuba
50%
法兰西(fǎ lán xī) France
50%
德意志(dé yì zhì) Germany/Deutschland
50%
乌拉圭(wù lā guī) Uruguay
50%
挪威(nuó wēi) Norway
33%
土耳其(tǔ ěr qí) Türkiye
33%
伊朗(yī lǎng) Iran
17%
希腊(xī là) Greece/Hellas
0%
No matching quizzes found
Score Distribution
Percent of People with Each Score
Percentile by Number Answered
Your Score History
You have not taken this quiz